000 00328nam a22001457a 4500
008 210303b ||||| |||| 00| 0 eng d
020 _a9781285172255
041 _aeng
080 _a004
082 _a004
100 _a28
101 _aSHKI
245 _aComprehensive Microsoft Excel 2013
_cParsons, J. J
942 _2udc
_cBK
999 _c55675
_d55675